Prophecy Continuous (Record no. 8203)

MARC details
000 -LEADER
fixed length control field 00655nam a2200241 a 4500
020 ## - INTERNATIONAL STANDARD BOOK NUMBER
ISBN 0520724
082 00 - DEWEY DECIMAL CLASSIFICATION NUMBER
Classification number 297.2046
Author Cutter FRI
100 ## - MAIN ENTRY--AUTHOR NAME
Author name Friedmann, Yohanan
245 ## - TITLE STATEMENT
Title Prophecy Continuous
Sub title Study of Ahmadi Religious Thought and Its Medieval
260 ## - PUBLICATION, DISTRIBUTION, ETC. (IMPRINT)
Place of publication Berkeley
Name of publisher University of California Press
Year of publication 1989
300 ## - PHYSICAL DESCRIPTION
Number of Pages 218p
500 ## - GENERAL NOTE
General note includes index and biblioraphy
505 2# - FORMATTED CONTENTS NOTE
Formatted contents note Appendices
650 ## - SUBJECT ADDED ENTRY--TOPICAL TERM
Topical Term Ahmadiyyah
942 ## - ADDED ENTRY ELEMENTS (KOHA)
Koha item type Books
700 1# -
-- Friedmann, Yohanan
Holdings
Collection code Home library Current library Date acquired Cost, normal purchase price Full call number Accession Number Koha item type
  Henry Martyn Institute Library Henry Martyn Institute Library 07/11/2007 132.00 297.2046 FRI 014744 Books
                   Copyright © 2026 | Henry Martyn Institute | Hyderabad | TS-500052 | INDIA | Implemented by hmi.edu.in
Hit-Count:

Powered by Koha